Normal view MARC view
  • Bank of Zambia(BOZ)

Entry Corporate Name

Number of records used in: 17

001 - CONTROL NUMBER

  • control field: 5574

003 - CONTROL NUMBER IDENTIFIER

  • control field: CBULib

005 - DATE AND TIME OF LATEST TRANSACTION

  • control field: 20260520131332.0

008 - FIXED-LENGTH DATA ELEMENTS

  • fixed length control field: 260520|| aca||aabn | a|a d

040 ## - CATALOGING SOURCE

  • Original cataloging agency: CBULib

110 ## - HEADING--CORPORATE NAME

  • Corporate name or jurisdiction name as entry element: Bank of Zambia(BOZ)